[Event "DEM U14w 2018"]
[Site "Willingen GER"]
[Date "2018.05.23"]
[Round "6"]
[White "Brunner, Sophia"]
[Black "Ricken, Katharina"]
[Result "1-0"]
[Termination "normal"]
[Board "1"]
[WhiteElo "1742"]
[BlackElo "1798"]
[WhiteClock "00:14:14"]
[BlackClock "00:08:12"]
[PlyCount "61"]
[WhiteFideId "12960683"]
[BlackFideId "16207017"]
[EventCountry "GER"]
[EventRounds "9"]
[EventType "swiss"]
[EventDate "2018.05.19"]

1. d4 {[%clk 1:30:57]} 1... e6 {[%clk 1:30:57]} 2. e3 {[%clk 1:30:59]} 2... Nf6
{[%clk 1:30:48]} 3. Bd3 {[%clk 1:30:28]} 3... c5 {[%clk 1:31:07]} 4. Nf3 {
[%clk 1:29:38]} 4... Nc6 {[%clk 1:31:23]} 5. O-O {[%clk 1:27:46]} 5... d5 {
[%clk 1:31:40]} 6. c3 {[%clk 1:28:05]} 6... Bd6 {[%clk 1:32:03]} 7. Nbd2 {
[%clk 1:20:55]} 7... O-O {[%clk 1:32:21]} 8. dxc5 {[%clk 1:16:46]} 8... Bxc5 {
[%clk 1:32:40]} 9. e4 {[%clk 1:07:45]} 9... Qc7 {[%clk 1:30:10]} 10. exd5 {
[%clk 1:07:19]} 10... exd5 {[%clk 1:29:33]} 11. Nb3 {[%clk 1:05:52]} 11... Bb6
{[%clk 1:29:55]} 12. h3 {[%clk 1:00:35]} 12... Bxh3 {[%clk 1:19:40]} 13. gxh3 {
[%clk 0:53:13]} 13... Qg3+ {[%clk 1:19:19]} 14. Kh1 {[%clk 0:53:42]} 14...
Qxh3+ {[%clk 1:19:34]} 15. Nh2 {[%clk 0:54:03]} 15... Bc7 {[%clk 1:05:34]} 16.
f4 {[%clk 0:51:41]} 16... Nh5 {[%clk 0:59:54]} 17. Qf3 {[%clk 0:47:53]} 17...
Ng3+ {[%clk 0:56:10]} 18. Kg1 {[%clk 0:48:22]} 18... Qh4 {[%clk 0:40:02]} 19.
Rf2 {[%clk 0:30:13]} 19... Ne4 {[%clk 0:24:28]} 20. Bxe4 {[%clk 0:21:50]} 20...
dxe4 {[%clk 0:24:46]} 21. Qg4 {[%clk 0:19:46]} 21... Qxg4+ {[%clk 0:19:30]} 22.
Nxg4 {[%clk 0:20:15]} 22... f5 {[%clk 0:18:25]} 23. Ne3 {[%clk 0:20:10]} 23...
Rad8 {[%clk 0:16:48]} 24. Kf1 {[%clk 0:17:35]} 24... h6 {[%clk 0:15:18]} 25.
Ke2 {[%clk 0:17:29]} 25... g5 {[%clk 0:14:07]} 26. Ng2 {[%clk 0:16:20]} 26...
g4 27. Be3 {[%clk 0:16:15]} 27... Kf7 {[%clk 0:10:07]} 28. Rh1 {[%clk 0:16:00]}
28... Rh8 {[%clk 0:10:10]} 29. Nh4 {[%clk 0:14:21]} 29... Kf6 {[%clk 0:09:54]}
30. Nd4 {[%clk 0:13:53]} 30... Rd5 {[%clk 0:08:12]} 31. Nxc6 {[%clk 0:14:14]}
1-0

[Event "DEM U14w 2018"]
[Site "Willingen GER"]
[Date "2018.05.23"]
[Round "6"]
[White "Bardorz, Jana"]
[Black "Ziegenfuß, Antonia"]
[Result "1/2-1/2"]
[Termination "normal"]
[Board "2"]
[WhiteElo "1622"]
[BlackElo "1956"]
[WhiteClock "00:07:48"]
[BlackClock "00:26:31"]
[PlyCount "82"]
[WhiteFideId "16208897"]
[BlackFideId "12962554"]
[EventCountry "GER"]
[EventRounds "9"]
[EventType "swiss"]
[EventDate "2018.05.19"]

1. e4 {[%clk 1:30:58]} 1... c5 {[%clk 1:30:55]} 2. Nc3 {[%clk 1:31:20]} 2... e6
{[%clk 1:31:17]} 3. g3 {[%clk 1:31:35]} 3... d5 {[%clk 1:31:33]} 4. exd5 {
[%clk 1:31:23]} 4... exd5 {[%clk 1:31:56]} 5. Bg2 {[%clk 1:30:55]} 5... Nf6 {
[%clk 1:32:14]} 6. Nge2 {[%clk 1:27:18]} 6... Be7 {[%clk 1:29:42]} 7. O-O {
[%clk 1:25:22]} 7... d4 {[%clk 1:21:52]} 8. Ne4 {[%clk 1:23:20]} 8... O-O {
[%clk 1:21:22]} 9. d3 {[%clk 1:21:04]} 9... Nc6 {[%clk 1:17:57]} 10. Nf4 {
[%clk 1:17:09]} 10... Nxe4 {[%clk 1:06:45]} 11. Bxe4 {[%clk 1:16:08]} 11... f5
{[%clk 0:56:21]} 12. Bd5+ {[%clk 1:11:00]} 12... Kh8 {[%clk 0:54:16]} 13. Qf3 {
[%clk 1:04:09]} 13... Qd6 {[%clk 0:39:50]} 14. Re1 {[%clk 0:59:09]} 14... Ne5 {
[%clk 0:32:36]} 15. Qe2 {[%clk 0:51:25]} 15... Bf6 {[%clk 0:32:04]} 16. Bg2 {
[%clk 0:49:08]} 16... Re8 {[%clk 0:29:53]} 17. Bd2 {[%clk 0:46:17]} 17... Bd7 {
[%clk 0:28:36]} 18. Nd5 {[%clk 0:37:49]} 18... Bc6 {[%clk 0:26:15]} 19. Nxf6 {
[%clk 0:33:55]} 19... Nf3+ {[%clk 0:23:12]} 20. Bxf3 {[%clk 0:31:43]} 20...
Rxe2 {[%clk 0:23:34]} 21. Bxe2 {[%clk 0:32:01]} 21... Qxf6 {[%clk 0:19:49]} 22.
Bf1 {[%clk 0:31:13]} 22... Kg8 {[%clk 0:12:32]} 23. Bg2 {[%clk 0:30:26]} 23...
f4 {[%clk 0:09:02]} 24. Bxc6 {[%clk 0:27:24]} 24... bxc6 {[%clk 0:07:03]} 25.
Bxf4 {[%clk 0:25:05]} 25... g5 {[%clk 0:06:14]} 26. Bd2 {[%clk 0:23:40]} 26...
h5 {[%clk 0:03:47]} 27. Re4 {[%clk 0:22:22]} 27... Rf8 {[%clk 0:02:10]} 28. Rf1
{[%clk 0:20:31]} 28... c4 {[%clk 0:01:14]} 29. Bb4 {[%clk 0:19:07]} 29... Rf7 {
[%clk 0:01:24]} 30. Bc5 {[%clk 0:17:48]} 30... cxd3 {[%clk 0:00:49]} 31. Bxd4 {
[%clk 0:16:13]} 31... Qf3 {[%clk 0:00:51]} 32. Re3 {[%clk 0:14:57]} 32... Qg4 {
[%clk 0:00:44]} 33. Rxd3 {[%clk 0:13:20]} 33... Rf3 {[%clk 0:01:01]} 34. Rxf3 {
[%clk 0:11:27]} 34... Qxf3 {[%clk 0:01:26]} 35. Bxa7 {[%clk 0:10:33]} 35... h4
{[%clk 0:01:03]} 36. gxh4 {[%clk 0:08:14]} 36... gxh4 {[%clk 0:00:44]} 37. h3 {
[%clk 0:07:43]} 37... Qxh3 {[%clk 0:01:04]} 38. f4 {[%clk 0:06:55]} 38... Qg3+
{[%clk 0:01:20]} 39. Kh1 {[%clk 0:07:18]} 39... Qh3+ {[%clk 0:01:48]} 40. Kg1 {
[%clk 0:07:40]} 40... Qg3+ {[%clk 0:00:34]} 41. Kh1 {[%clk 0:07:48]} 41... Qh3+
{[%clk 0:26:31]} 1/2-1/2

[Event "DEM U14w 2018"]
[Site "Willingen GER"]
[Date "2018.05.23"]
[Round "6"]
[White "Glinzner, Alva"]
[Black "Schnabel, Luise"]
[Result "1/2-1/2"]
[Termination "normal"]
[Board "3"]
[WhiteElo "1813"]
[BlackElo "1717"]
[WhiteClock "00:34:36"]
[BlackClock "00:17:19"]
[PlyCount "41"]
[WhiteFideId "16206169"]
[BlackFideId "12943347"]
[EventCountry "GER"]
[EventRounds "9"]
[EventType "swiss"]
[EventDate "2018.05.19"]

1. e4 {[%clk 1:30:59]} 1... c5 {[%clk 1:30:48]} 2. Nf3 {[%clk 1:31:06]} 2... d6
{[%clk 1:31:09]} 3. Bb5+ {[%clk 1:31:22]} 3... Nc6 {[%clk 1:31:22]} 4. d4 {
[%clk 1:30:24]} 4... cxd4 {[%clk 1:28:53]} 5. Nxd4 {[%clk 1:30:49]} 5... Bd7 {
[%clk 1:28:15]} 6. O-O {[%clk 1:27:25]} 6... g6 {[%clk 1:23:58]} 7. Be3 { [%clk
1:21:32]} 7... Bg7 {[%clk 1:15:54]} 8. c3 {[%clk 1:15:34]} 8... Nf6 { [%clk
1:13:35]} 9. Nd2 {[%clk 1:15:56]} 9... O-O {[%clk 1:12:16]} 10. Be2 { [%clk
1:13:12]} 10... d5 {[%clk 1:01:38]} 11. Bf3 {[%clk 1:09:06]} 11... dxe4 { [%clk
0:48:11]} 12. Nxe4 {[%clk 1:09:06]} 12... Nxe4 {[%clk 0:37:31]} 13. Bxe4 {[%clk
1:09:24]} 13... Nxd4 {[%clk 0:36:26]} 14. Bxd4 {[%clk 1:09:14]} 14... Bxd4
{[%clk 0:34:15]} 15. Qxd4 {[%clk 1:09:23]} 15... Qc7 {[%clk 0:33:11]} 16. Qb4
{[%clk 1:07:10]} 16... e6 {[%clk 0:31:15]} 17. Rad1 {[%clk 1:02:30]} 17... Bc6
{[%clk 0:23:50]} 18. Bxc6 {[%clk 0:58:27]} 18... bxc6 {[%clk 0:23:23]} 19. c4
{[%clk 0:48:36]} 19... Rfd8 {[%clk 0:19:00]} 20. h3 {[%clk 0:44:57]} 20... Rd7
{[%clk 0:17:19]} 21. Qc3 {[%clk 0:34:36]} 1/2-1/2

[Event "DEM U14w 2018"]
[Site "Willingen GER"]
[Date "2018.05.23"]
[Round "6"]
[White "Kunisch, Nina"]
[Black "Peglau, Mirjam"]
[Result "1/2-1/2"]
[Termination "normal"]
[Board "4"]
[WhiteElo "1704"]
[BlackElo "1739"]
[WhiteClock "00:07:31"]
[BlackClock "00:24:35"]
[PlyCount "53"]
[WhiteFideId "12982849"]
[BlackFideId "16211138"]
[EventCountry "GER"]
[EventRounds "9"]
[EventType "swiss"]
[EventDate "2018.05.19"]

1. e4 {[%clk 1:30:57]} 1... e6 {[%clk 1:30:55]} 2. Nf3 {[%clk 1:31:11]} 2... d5
{[%clk 1:31:20]} 3. Nc3 {[%clk 1:31:31]} 3... Nf6 {[%clk 1:30:59]} 4. e5 {
[%clk 1:31:34]} 4... Nfd7 {[%clk 1:31:20]} 5. d4 {[%clk 1:31:51]} 5... c5 {
[%clk 1:31:40]} 6. dxc5 {[%clk 1:31:57]} 6... Nc6 {[%clk 1:30:41]} 7. Bf4 {
[%clk 1:31:47]} 7... Bxc5 {[%clk 1:30:25]} 8. Bd3 {[%clk 1:31:31]} 8... h6 {
[%clk 1:29:00]} 9. Qe2 {[%clk 1:27:48]} 9... Nb4 {[%clk 1:25:23]} 10. O-O {
[%clk 1:18:17]} 10... Nxd3 {[%clk 1:24:42]} 11. cxd3 {[%clk 1:18:00]} 11... O-O
{[%clk 1:25:00]} 12. d4 {[%clk 1:16:56]} 12... Be7 {[%clk 1:25:05]} 13. Rac1 {
[%clk 1:09:45]} 13... Nb6 {[%clk 1:21:23]} 14. Nb5 {[%clk 0:53:47]} 14... Bd7 {
[%clk 1:19:54]} 15. Nd6 {[%clk 0:48:09]} 15... Bxd6 {[%clk 1:17:30]} 16. exd6 {
[%clk 0:48:01]} 16... a6 {[%clk 1:12:30]} 17. Qd2 {[%clk 0:41:38]} 17... Bc6 {
[%clk 1:00:31]} 18. Ne5 {[%clk 0:39:23]} 18... Bb5 {[%clk 0:45:50]} 19. Rfe1 {
[%clk 0:37:54]} 19... Rc8 {[%clk 0:40:33]} 20. b3 {[%clk 0:28:24]} 20... Qxd6 {
[%clk 0:34:33]} 21. Nxf7 {[%clk 0:17:17]} 21... Qe7 {[%clk 0:32:55]} 22. Rxc8 {
[%clk 0:16:51]} 22... Nxc8 {[%clk 0:31:47]} 23. Ne5 {[%clk 0:16:47]} 23... Qf6
{[%clk 0:30:39]} 24. Bg3 {[%clk 0:16:05]} 24... Ne7 {[%clk 0:26:50]} 25. a4 {
[%clk 0:12:18]} 25... Be8 {[%clk 0:26:31]} 26. h3 {[%clk 0:10:27]} 26... Nf5 {
[%clk 0:24:35]} 27. Bh2 {[%clk 0:07:31]} 1/2-1/2

[Event "DEM U14w 2018"]
[Site "Willingen GER"]
[Date "2018.05.23"]
[Round "6"]
[White "Rudolph, Eva"]
[Black "Liu, Sijia Anna"]
[Result "1-0"]
[Termination "normal"]
[Board "5"]
[WhiteElo "1760"]
[BlackElo "1748"]
[WhiteClock "00:01:10"]
[BlackClock "00:19:57"]
[PlyCount "137"]
[WhiteFideId "16200594"]
[BlackFideId "12989746"]
[EventCountry "GER"]
[EventRounds "9"]
[EventType "swiss"]
[EventDate "2018.05.19"]

1. e4 {[%clk 1:30:58]} 1... c5 {[%clk 1:30:55]} 2. Nf3 {[%clk 1:31:23]} 2... d6
{[%clk 1:30:33]} 3. d4 {[%clk 1:31:40]} 3... cxd4 {[%clk 1:30:58]} 4. Qxd4 {
[%clk 1:31:58]} 4... Nc6 {[%clk 1:30:35]} 5. Bb5 {[%clk 1:32:08]} 5... Bd7 {
[%clk 1:29:11]} 6. Qd3 {[%clk 1:32:23]} 6... Nf6 {[%clk 1:27:47]} 7. Nc3 {
[%clk 1:32:31]} 7... e6 {[%clk 1:25:58]} 8. Bg5 {[%clk 1:32:35]} 8... a6 {
[%clk 1:24:19]} 9. Bxc6 {[%clk 1:30:44]} 9... Bxc6 {[%clk 1:24:00]} 10. O-O-O {
[%clk 1:29:29]} 10... Be7 {[%clk 1:20:51]} 11. Nd4 {[%clk 1:22:03]} 11... Ng4 {
[%clk 1:15:42]} 12. Bxe7 {[%clk 1:18:13]} 12... Qxe7 {[%clk 1:14:58]} 13. Qg3 {
[%clk 1:15:26]} 13... Ne5 {[%clk 1:06:55]} 14. f4 {[%clk 1:09:01]} 14... Ng6 {
[%clk 1:04:50]} 15. f5 {[%clk 1:01:18]} 15... Ne5 {[%clk 1:03:53]} 16. Qxg7 {
[%clk 0:58:14]} 16... O-O-O {[%clk 1:03:46]} 17. fxe6 {[%clk 0:53:13]} 17...
Rdg8 {[%clk 1:01:05]} 18. Nf5 {[%clk 0:41:23]} 18... Qxe6 {[%clk 0:58:34]} 19.
Rxd6 {[%clk 0:35:42]} 19... Rxg7 {[%clk 0:55:06]} 20. Rxe6 {[%clk 0:35:50]}
20... fxe6 {[%clk 0:54:11]} 21. Nxg7 {[%clk 0:36:03]} 21... Kd7 {[%clk 0:54:19]
} 22. Nh5 {[%clk 0:34:06]} 22... Ke7 {[%clk 0:53:25]} 23. b3 {[%clk 0:32:28]}
23... Rf8 {[%clk 0:51:57]} 24. Rd1 {[%clk 0:27:04]} 24... Rf2 {[%clk 0:50:02]}
25. Rd2 {[%clk 0:26:52]} 25... Rf1+ {[%clk 0:46:30]} 26. Kb2 {[%clk 0:26:58]}
26... Re1 {[%clk 0:44:48]} 27. Ng3 {[%clk 0:21:05]} 27... Ng4 {[%clk 0:40:33]}
28. h3 {[%clk 0:20:57]} 28... Nf6 {[%clk 0:40:44]} 29. Rd4 {[%clk 0:17:38]}
29... Re3 {[%clk 0:37:19]} 30. Rd3 {[%clk 0:15:34]} 30... Re1 {[%clk 0:37:05]}
31. Rd4 {[%clk 0:10:36]} 31... Re3 {[%clk 0:37:01]} 32. Rd3 {[%clk 0:06:41]}
32... Re1 {[%clk 0:37:11]} 33. a4 {[%clk 0:05:55]} 33... Nxe4 {[%clk 0:34:42]}
34. Ngxe4 {[%clk 0:06:09]} 34... Bxe4 {[%clk 0:35:05]} 35. Nxe4 {[%clk 0:06:35]
} 35... Rxe4 {[%clk 0:35:30]} 36. Kc3 {[%clk 0:06:30]} 36... e5 {[%clk 0:30:48]
} 37. Rg3 {[%clk 0:05:27]} 37... Kf7 {[%clk 0:29:35]} 38. a5 {[%clk 0:03:39]}
38... h6 {[%clk 0:28:33]} 39. Kd3 {[%clk 0:02:25]} 39... Rd4+ {[%clk 0:26:48]}
40. Ke3 {[%clk 0:02:14]} 40... Rb4 {[%clk 0:26:05]} 41. Rg4 {[%clk 0:25:28]}
41... Rb5 {[%clk 0:49:35]} 42. Ra4 {[%clk 0:23:50]} 42... Kf6 {[%clk 0:47:25]}
43. Ke4 {[%clk 0:19:59]} 43... Rc5 {[%clk 0:45:52]} 44. Kd3 {[%clk 0:17:31]}
44... Kf5 {[%clk 0:43:45]} 45. Rh4 {[%clk 0:07:44]} 45... Rxa5 {[%clk 0:34:08]}
46. Rxh6 {[%clk 0:07:58]} 46... Kf4 {[%clk 0:34:01]} 47. Rf6+ {[%clk 0:06:35]}
47... Kg5 {[%clk 0:32:01]} 48. Rb6 {[%clk 0:06:30]} 48... Rd5+ {[%clk 0:31:50]}
49. Ke4 {[%clk 0:06:24]} 49... Rd2 {[%clk 0:30:57]} 50. Rxb7 {[%clk 0:06:19]}
50... Rxc2 {[%clk 0:29:50]} 51. Kxe5 {[%clk 0:06:28]} 51... Kh4 {[%clk 0:29:58]
} 52. Rg7 {[%clk 0:04:52]} 52... Rb2 {[%clk 0:28:40]} 53. Rg4+ {[%clk 0:05:02]}
53... Kh5 {[%clk 0:29:02]} 54. b4 {[%clk 0:04:55]} 54... a5 {[%clk 0:28:39]}
55. bxa5 {[%clk 0:04:35]} 55... Rb5+ {[%clk 0:29:02]} 56. Kf6 {[%clk 0:04:17]}
56... Rxa5 {[%clk 0:27:36]} 57. Re4 {[%clk 0:04:01]} 57... Ra6+ {[%clk 0:25:53]
} 58. Re6 {[%clk 0:03:51]} 58... Ra2 {[%clk 0:24:57]} 59. g4+ {[%clk 0:03:59]}
59... Kh4 {[%clk 0:24:59]} 60. g5 {[%clk 0:03:42]} 60... Ra8 {[%clk 0:23:26]}
61. g6 {[%clk 0:03:12]} 61... Kh5 {[%clk 0:23:04]} 62. h4 {[%clk 0:02:35]}
62... Kh6 {[%clk 0:22:21]} 63. Kf7 {[%clk 0:01:20]} 63... Ra7+ {[%clk 0:21:42]}
64. Kf8 {[%clk 0:01:31]} 64... Ra8+ {[%clk 0:21:29]} 65. Ke7 {[%clk 0:01:42]}
65... Ra7+ {[%clk 0:21:25]} 66. Kf6 {[%clk 0:01:45]} 66... Rb7 {[%clk 0:20:32]}
67. h5 {[%clk 0:01:16]} 67... Ra7 {[%clk 0:19:57]} 68. Re7 {[%clk 0:01:10]}
68... Ra1 69. Rh7# 1-0

[Event "DEM U14w 2018"]
[Site "Willingen GER"]
[Date "2018.05.23"]
[Round "6"]
[White "Schneider, Katharina"]
[Black "Reuter, Elisa"]
[Result "1/2-1/2"]
[Termination "normal"]
[Board "6"]
[WhiteElo "1667"]
[BlackElo "1835"]
[WhiteClock "00:23:46"]
[BlackClock "01:01:27"]
[PlyCount "105"]
[WhiteFideId "16200519"]
[BlackFideId "12995444"]
[EventCountry "GER"]
[EventRounds "9"]
[EventType "swiss"]
[EventDate "2018.05.19"]

1. e4 {[%clk 1:30:59]} 1... c5 {[%clk 1:30:57]} 2. Nf3 {[%clk 1:31:24]} 2...
Nc6 {[%clk 1:31:24]} 3. d4 {[%clk 1:31:48]} 3... cxd4 {[%clk 1:31:51]} 4. Nxd4
{[%clk 1:32:08]} 4... g6 {[%clk 1:32:17]} 5. Nc3 {[%clk 1:32:21]} 5... Bg7 {
[%clk 1:32:43]} 6. Be3 {[%clk 1:32:39]} 6... Nf6 {[%clk 1:33:09]} 7. Bc4 {
[%clk 1:32:46]} 7... Qa5 {[%clk 1:33:35]} 8. f3 {[%clk 1:29:30]} 8... Qb4 {
[%clk 1:32:24]} 9. Bb3 {[%clk 1:26:42]} 9... Nxe4 {[%clk 1:30:17]} 10. fxe4 {
[%clk 1:19:30]} 10... Nxd4 {[%clk 1:24:49]} 11. a3 {[%clk 1:14:28]} 11... Qd6 {
[%clk 1:19:10]} 12. Bxd4 {[%clk 1:12:08]} 12... Qxd4 {[%clk 1:19:09]} 13. Qf3 {
[%clk 1:02:21]} 13... Qf6 {[%clk 1:18:10]} 14. O-O {[%clk 0:59:01]} 14... Qxf3
{[%clk 1:18:10]} 15. Rxf3 {[%clk 0:59:17]} 15... O-O {[%clk 1:17:40]} 16. Nd5 {
[%clk 0:51:23]} 16... Bd4+ {[%clk 1:17:22]} 17. Kh1 {[%clk 0:50:46]} 17... Bc5
{[%clk 1:17:45]} 18. Raf1 {[%clk 0:44:41]} 18... e6 {[%clk 1:13:49]} 19. Nf6+ {
[%clk 0:44:26]} 19... Kg7 {[%clk 1:14:02]} 20. Ba4 {[%clk 0:29:38]} 20... d6 {
[%clk 1:11:13]} 21. Ne8+ {[%clk 0:28:39]} 21... Kg8 {[%clk 1:11:00]} 22. Rh3 {
[%clk 0:21:04]} 22... h5 {[%clk 1:10:17]} 23. b4 {[%clk 0:19:33]} 23... Bd4 {
[%clk 1:08:58]} 24. Nxd6 {[%clk 0:19:13]} 24... Be5 {[%clk 1:09:17]} 25. Nc4 {
[%clk 0:17:35]} 25... Bg7 {[%clk 1:09:08]} 26. Rhf3 {[%clk 0:16:53]} 26... f6 {
[%clk 1:07:48]} 27. Nd6 {[%clk 0:15:02]} 27... e5 {[%clk 1:05:14]} 28. Bb3+ {
[%clk 0:12:59]} 28... Kh7 {[%clk 1:05:14]} 29. Nxc8 {[%clk 0:12:36]} 29...
Raxc8 {[%clk 1:05:37]} 30. Rd3 {[%clk 0:12:28]} 30... Rc7 {[%clk 1:05:29]} 31.
Rfd1 {[%clk 0:12:26]} 31... Re8 {[%clk 1:05:23]} 32. Rd7 {[%clk 0:11:35]} 32...
Re7 {[%clk 1:05:46]} 33. Rxe7 {[%clk 0:10:48]} 33... Rxe7 {[%clk 1:06:11]} 34.
Rf1 {[%clk 0:09:44]} 34... Rd7 {[%clk 1:06:06]} 35. Bd5 {[%clk 0:09:14]} 35...
b6 {[%clk 1:06:14]} 36. c4 {[%clk 0:09:08]} 36... Rc7 {[%clk 1:06:37]} 37. h3 {
[%clk 0:08:22]} 37... h4 {[%clk 1:06:03]} 38. Kh2 {[%clk 0:08:24]} 38... Kh6 {
[%clk 1:05:37]} 39. g3 {[%clk 0:07:48]} 39... hxg3+ {[%clk 1:05:20]} 40. Kxg3 {
[%clk 0:08:13]} 40... Kg5 {[%clk 1:01:40]} 41. h4+ {[%clk 0:06:58]} 41... Kh6 {
[%clk 1:01:32]} 42. Kg4 {[%clk 0:06:41]} 42... Rc8 {[%clk 1:00:10]} 43. Rh1 {
[%clk 0:04:03]} 43... Rf8 {[%clk 0:33:18]} 44. Rf1 {[%clk 0:00:55]} 44... Rc8 {
[%clk 0:33:33]} 45. Rh1 {[%clk 0:01:03]} 45... Rf8 {[%clk 0:33:59]} 46. Be6 {
[%clk 0:00:36]} 46... Re8 {[%clk 0:34:18]} 47. Bd5 {[%clk 0:00:53]} 47... Rf8 {
[%clk 0:34:09]} 48. Rf1 {[%clk 0:29:10]} 48... Rc8 {[%clk 1:03:23]} 49. a4 {
[%clk 0:28:22]} 49... Rc7 {[%clk 1:02:54]} 50. b5 {[%clk 0:28:24]} 50... Rc8 {
[%clk 1:02:40]} 51. Rd1 {[%clk 0:26:10]} 51... Rd8 {[%clk 1:01:08]} 52. Rc1 {
[%clk 0:24:33]} 52... Bf8 {[%clk 1:01:27]} 53. Rf1 {[%clk 0:23:46]} 1/2-1/2

[Event "DEM U14w 2018"]
[Site "Willingen GER"]
[Date "2018.05.23"]
[Round "6"]
[White "Barutta, Larissa"]
[Black "Wagner, Victoria"]
[Result "1/2-1/2"]
[Termination "normal"]
[Board "7"]
[WhiteElo "1676"]
[BlackElo "1700"]
[WhiteClock "00:53:49"]
[BlackClock "00:06:16"]
[PlyCount "63"]
[WhiteFideId "16222946"]
[BlackFideId "16232348"]
[EventCountry "GER"]
[EventRounds "9"]
[EventType "swiss"]
[EventDate "2018.05.19"]

1. d4 {[%clk 1:30:58]} 1... Nf6 {[%clk 1:30:45]} 2. Nf3 {[%clk 1:31:22]} 2...
c5 {[%clk 1:30:57]} 3. c3 {[%clk 1:31:44]} 3... b6 {[%clk 1:31:04]} 4. dxc5 {
[%clk 1:26:35]} 4... bxc5 {[%clk 1:31:23]} 5. e4 {[%clk 1:26:58]} 5... d6 {
[%clk 1:26:28]} 6. e5 {[%clk 1:26:28]} 6... dxe5 {[%clk 1:24:06]} 7. Qxd8+ {
[%clk 1:26:36]} 7... Kxd8 {[%clk 1:24:32]} 8. Nxe5 {[%clk 1:26:51]} 8... Ke8 {
[%clk 1:21:20]} 9. Bc4 {[%clk 1:26:23]} 9... e6 {[%clk 1:20:26]} 10. O-O {
[%clk 1:25:25]} 10... Ba6 {[%clk 1:08:05]} 11. Na3 {[%clk 1:22:54]} 11... Bxc4
{[%clk 1:06:31]} 12. Naxc4 {[%clk 1:23:15]} 12... Nfd7 {[%clk 1:03:28]} 13. Be3
{[%clk 1:21:38]} 13... f6 {[%clk 1:00:08]} 14. Nd3 {[%clk 1:17:20]} 14... Kf7 {
[%clk 0:57:23]} 15. Rad1 {[%clk 1:15:42]} 15... Nb6 {[%clk 0:51:04]} 16. Na5 {
[%clk 1:12:01]} 16... N8d7 {[%clk 0:43:11]} 17. b3 {[%clk 1:09:57]} 17... c4 {
[%clk 0:35:02]} 18. Bxb6 {[%clk 1:05:20]} 18... Nxb6 {[%clk 0:33:51]} 19. bxc4
{[%clk 1:05:19]} 19... Rc8 {[%clk 0:32:51]} 20. Nf4 {[%clk 1:02:47]} 20... Nxc4
{[%clk 0:29:42]} 21. Nxc4 {[%clk 1:02:49]} 21... Rxc4 {[%clk 0:30:07]} 22. Rd7+
{[%clk 1:03:02]} 22... Be7 {[%clk 0:27:07]} 23. Ne2 {[%clk 1:01:13]} 23... Ra4
{[%clk 0:23:31]} 24. Nd4 {[%clk 0:59:15]} 24... Rd8 {[%clk 0:20:15]} 25. Rb7 {
[%clk 0:58:05]} 25... Ra6 {[%clk 0:19:13]} 26. Re1 {[%clk 0:57:05]} 26... g6 {
[%clk 0:17:24]} 27. h3 {[%clk 0:55:55]} 27... e5 {[%clk 0:15:55]} 28. f4 {
[%clk 0:54:59]} 28... Kf8 {[%clk 0:10:42]} 29. fxe5 {[%clk 0:54:59]} 29... fxe5
{[%clk 0:09:47]} 30. Kh1 {[%clk 0:53:17]} 30... exd4 {[%clk 0:07:01]} 31. Rexe7
{[%clk 0:53:34]} 31... dxc3 {[%clk 0:06:16]} 32. Rf7+ {[%clk 0:53:49]} 1/2-1/2